Franczia [Francia!] Köztársaság

Elmentve itt :
Bibliográfiai részletek
Szerző: Jablonszky János
Dokumentumtípus: Cikk
Megjelent: 1885
Sorozat:Kolligátum
Kulcsszavak:Földrajz - középiskola - tankönyv, Franciaország
Online Access:http://misc.bibl.u-szeged.hu/24088
LEADER 00574nab a2200169 i 4500
001 misc24088
005 20191111110649.0
008 170825s1885 hu o 0|| zxx d
040 |a SZTE Miscellanea Repozitórium  |b hun 
041 |a zxx 
100 1 |a Jablonszky János 
245 1 0 |a Franczia [Francia!] Köztársaság  |h [elektronikus dokumentum] /  |c  Jablonszky János 
260 |c 1885 
300 |a 104-111 
490 0 |a Kolligátum 
695 |a Földrajz - középiskola - tankönyv, Franciaország 
856 4 0 |u http://misc.bibl.u-szeged.hu/24088/1/010_022_104-111.pdf  |z Dokumentum-elérés